Statistiques concernant Harry Potter: la Voie 9¾

Cliquez ici pour prendre le quiz!

Statistiques générales

  • Ce quiz a été pris 69 fois
  • Le résultat moyen est 6 sur 6

Statistiques - réponses

InformationRéponses% Correct
Première apparitionHarry Potter à l'école des sorciers
98%
Dernière apparitionHarry Potter et les Reliques de la Mort
97%
PaysRoyaume Uni
97%
EtatAngleterre
95%
VilleLondres
90%
EmplacementKing's Cross, entre les voies 9 et 10
82%

Distribution des résultats

Percentile par nombre de réponses

% des personnes avec chaque résultat

Votre développement - résultats

Vous n’avez pas pris ce quiz